[Event "83rd ESP-ch Women-ch 2018"]
[Site "Linares"]
[Date "2018.08.27"]
[Round "8"]
[White "Galiana Fernandez, Adrian"]
[Black "Lopez Varela, Pablo"]
[Result "0-1"]
[WhiteElo "2291"]
[BlackElo "2100"]
[Annotator "TA"]
[PlyCount "122"]
[EventDate "2018.08.09"]
[EventType "tourn"]
[EventCountry "ESP"]
[SourceTitle "playchess.com"]
[Source "ChessBase"]
[SourceQuality "1"]

{[%evp 16,122,27,25,47,29,27,25,29,40,28,31,39,41,68,36,76,79,89,77,103,89,91,76,132,111,192,145,144,153,143,146,149,144,147,58,69,48,61,63,66,50,95,95,107,16,9,33,36,-45,-64,-72,-23,-106,-119,-140,-121,-112,-133,-118,-110,-114,-110,-111,-112,-140,-151,-159,-135,-114,0,-24,0,-89,-112,-91,-33,-211,-94,-102,0,0,127,66,62,0,0,0,49,8,61,-687,-679,-1402,-1386,-1464,-1495,-1691,-1596,-29989,-29987,-29992,-29990,-29990,-1336,-29990,-29991,-29995,-29996]} 1. e4 e5 2. Nf3 d6 3. Bc4 Be7 4. d3 Nf6 5. O-O O-O 6. Re1 c6 7. Bb3 Nbd7 8. c3 Qc7 9. Nbd2 {[%cal Bb1d2,Bd2f1,Bf1g3,Bg3f5][%mdl 32] LiveBook: 31 Partien. C24: Läuferspiel} b6 (9... Nc5 10. Bc2 Ne6 11. Nf1 Re8 12. Ng3 Bf8 13. h3 g6 14. d4 Bg7 15. Be3 Bd7 16. Qd2 Rad8 {0-1 (47) Areshchenko,A (2660)-Mamedyarov,S (2699) Foros 2006}) 10. Nf1 Nc5 11. Bc2 {Weiß hat minimalen Vorteil.} Ne6 12. Ng3 Re8 $146 ({Vorgänger:} 12... g6 13. d4 Rd8 14. h3 Bf8 15. Bd2 Nf4 16. Qc1 {½-½ (53) Nevednichy,A (1682)-Serbanescu,D (1941) Mamaia 2013}) 13. d4 {[%cal Bd3d4,Bd4d5][%mdl 32]} Bb7 14. a4 a6 15. Be3 c5 16. d5 Nf8 17. Nf5 Ng6 18. h4 Bc8 19. Nh2 Bf8 (19... h6 $142) 20. Bg5 $16 Ne7 (20... Be7 $16) 21. Nh6+ gxh6 22. Bxf6 {Droht stark Te3.} Bg7 23. Qf3 {zielt auf Dg3 ab.} Ng6 24. Bxg7 Kxg7 25. h5 (25. g3 $1 $16) 25... Nf4 $14 26. Kh1 Qe7 27. g3 Nh3 28. Ng4 Qg5 29. Ne3 Rg8 30. Nf5+ (30. b4 $16) 30... Bxf5 $1 $11 31. exf5 Kh8 32. f6 (32. Rf1 $14) 32... Nf4 $15 33. Bd1 Qxf6 34. Rf1 (34. c4 $1 $11 {war der einzige Weg, das Gleichgewicht zu behalten.}) 34... Rg7 35. c4 Rag8 $1 {Und weiter mit ...Tg5 wäre nett.} 36. Ra3 {[#]} Rg4 $1 {[%cal Rg4h4][%mdl 512]} 37. Qxg4 Rxg4 38. Bxg4 Qg5 $1 {[%csl LRg4,LRh5]} 39. Bd1 Nxh5 40. Rb3 Nf6 41. Rxb6 Ne4 42. Rxa6 Qd2 (42... Nd2 $17 43. Rg1 Nxc4) 43. Kg2 Kg7 44. Bf3 (44. b3 $11 {bleibt in der Remisbreite.}) 44... Ng5 $1 $17 {...e4 ist eine echte Drohung.} 45. Rd1 (45. Rxd6 e4) 45... Qxb2 ({Lieber} 45... Qb4 $1 $17 46. Rxd6 Nxf3 47. Kxf3 Qb3+ 48. Ke2 Qxc4+ 49. Ke1 Qe4+ 50. Kf1 Qxa4) 46. Bh5 $2 (46. Re1 $1 $15) 46... e4 (46... Ne4 $19 47. Rf1 Qc2) 47. Re1 ({Jedoch nicht} 47. Rxd6 $2 e3 $19) 47... Qe5 (47... Qb4 $17 48. Re3 Qxc4 49. Rxd6 Qxa4) 48. Re3 $1 $11 f5 (48... Qf5 $11 49. Bd1 Nh3) 49. Ra7+ (49. Rb3 $16) 49... Kf6 $14 50. Ra8 (50. Rd7 $14) 50... Qb2 51. a5 Qb7 52. Rf8+ Ke5 ({Günstiger ist} 52... Kg7 $11 53. Rxf5 Qb4) 53. Be8 $2 {[%mdl 8192] [#]} (53. Re1 $14 Qg7 54. Re8+ Kd4 55. a6) 53... Qg7 $1 $19 54. Bc6 Qxf8 55. f4+ Kd4 56. Rb3 Nf3 57. a6 Qe7 58. Bb7 Qc7 59. Rb5 Qb8 (59... Qf7 $142 60. Rb1 Qh5 61. Rd1+ Kxc4 62. Rh1 {[#]} Nh4+ $1 {[%mdl 512]} 63. Rxh4 Qf3+ 64. Kh2 Qf2+ 65. Kh3 Qg1 66. g4 Qh1+ 67. Kg3 Qf3+ 68. Kh2 e3 69. a7 Qxf4+ 70. Kh3 Qf3+ 71. Kh2 Qf2+ 72. Kh1 Qxh4+ 73. Kg2 Qf2+ 74. Kh1 e2 75. Ba6+ Kd4 76. Bxe2 Qe1+ 77. Bf1 Qxf1+ 78. Kh2 Qf2+ 79. Kh1 Qa2 80. a8=Q Qxa8 81. Kg2 Qg8 82. Kg1 Qxg4+ 83. Kf2 Kd3 84. Kf1 Ke3 85. Ke1 Qg1#) 60. Rb6 Qe8 61. Bc6 Qh5 {Precision: Weiß = 46%, Schwarz = 51%.} 0-1

[Event "83rd ESP-ch Women-ch 2018"]
[Site "Linares"]
[Date "2018.08.27"]
[Round "8"]
[White "Diaz Castro, Sergio"]
[Black "Cuevas Fernandez, Jose Alberto"]
[Result "1/2-1/2"]
[WhiteElo "2289"]
[BlackElo "2147"]
[Annotator "TA"]
[PlyCount "143"]
[EventDate "2018.08.09"]
[EventType "tourn"]
[EventCountry "ESP"]
[SourceTitle "playchess.com"]
[Source "ChessBase"]
[SourceQuality "1"]

{[%evp 13,143,57,58,0,0,10,22,0,0,0,13,17,16,13,16,4,27,17,31,14,34,21,42,43,77,57,102,113,266,266,274,264,269,266,261,256,262,275,311,311,316,285,369,381,383,389,454,459,457,454,431,403,751,744,697,422,422,425,422,422,385,288,370,325,325,323,376,377,385,325,360,361,385,360,354,304,336,0,312,309,304,258,294,258,250,0,250,250,303,295,277,256,295,312,406,225,225,207,182,0,0,0,193,192,189,175,191,174,1339,1312,1198,1064,1059,917,736,617,534,0,0,0,0,0,0,0,0,0,0,0,0,0,0,0]} 1. e4 c5 2. c3 d5 3. exd5 Nf6 4. Bb5+ Nbd7 5. c4 g6 (5... a6 6. Bxd7+ Qxd7 7. d4 e6 8. Nf3 exd5 9. O-O dxc4 10. Qe2+ Be7 11. dxc5 O-O 12. Qxc4 {0-1 (39) Zumsande,M (2432)-Berg,E (2555) Germany 2015}) 6. Nf3 {B22: Sizilianisch (Alapin 2.c3)} Bg7 7. O-O O-O {LiveBook: 3 Partien} 8. d4 {Weiß steht etwas besser.} cxd4 $1 9. Bxd7 Bxd7 10. Nxd4 Rc8 $146 ({Vorgänger:} 10... Qb6 11. Nc3 Qc5 12. b3 {1-0 (29) Egin,V (2425)-Losev,D (2435) Moscow 1997}) 11. Na3 b5 12. Ndxb5 Bxb5 13. Nxb5 Rxc4 14. Nc3 Qb6 15. Qe2 Rc7 16. Bf4 Rb7 17. Rab1 $36 {[%mdl 2048] Weiss hat Initiative.} Rc8 {Droht ...Txc3! und aus.} 18. Be5 Qa5 19. Rfd1 Rd8 20. d6 {Und weiter mit b4! wäre nett.} exd6 $2 (20... Rdd7 $16 {kämpft weiter.} 21. Rbc1 Qd8) 21. Bxf6 $18 ({Weniger gut wäre} 21. Bxd6 Qf5 $16) 21... Bxf6 22. Qf3 $1 {[%csl LRb7,LRf6]} Bxc3 23. Qxb7 Be5 24. Qd5 Qa4 25. Rdc1 Qf4 26. g3 Qf6 27. Rc4 Rb8 28. b4 Kg7 29. Kg2 h5 30. h4 Re8 31. Rd1 Re6 32. Rc7 Bc3 (32... Re7 $142) 33. Rd3 Re5 34. Qxd6 Qxd6 35. Rxd6 Bxb4 {[%mdl 4096] Endspiel KTT-KTL} 36. Rdd7 Rf5 37. f3 a5 38. Kf2 Rf6 39. f4 Kg8 40. Kf3 Kg7 41. Rb7 Rf5 42. a4 Be1 43. Re7 Bc3 44. Re3 Bd2 45. Ree7 $2 (45. Re6 $18) 45... Rf6 $2 {[%mdl 8192]} (45... Bc3 $1 $11 {und Schwarz ist OK.} 46. Red7 Rf6) 46. Ra7 Bc3 47. Reb7 Bd2 48. Ke4 Be1 49. Kf3 Bd2 50. Rb5 Bc3 51. Ke4 Be1 52. Rbxa5 Bxa5 53. Rxa5 {KT-KT} Rc6 54. Rd5 (54. Kd4 $142) 54... Rc4+ 55. Rd4 Rc3 56. Rd3 Rc4+ 57. Rd4 Rc3 58. a5 Ra3 59. Rd5 Kf6 60. Kd4 Rxg3 $2 (60... Ke6 61. Rb5 Kd7) 61. Kc5 $1 Rf3 62. Rd4 Kf5 63. a6 Ra3 64. Kb6 Kg4 {[#]} 65. a7 $2 ({Weiss braucht} 65. f5+ $1 $18 {[%mdl 512]} Kxf5 66. a7 Rxa7 67. Kxa7) 65... Kxh4 $11 {Die Stellung ist ausgeglichen.} 66. f5+ Kg5 67. fxg6 (67. Rd5 {is interesting.} Rxa7 68. Kxa7 gxf5 69. Rd7 h4 70. Rxf7 f4 71. Kb6) 67... Rxa7 $1 68. Kxa7 fxg6 69. Kb6 h4 {[%cal Bh5h4,Bh4h3,Bh3h2][%mdl 32]} 70. Kc5 h3 71. Kd5 h2 72. Rd1 {Precision: Weiß = 67%, Schwarz = 37%.} 1/2-1/2

[Event "83rd ESP-ch Women-ch 2018"]
[Site "Linares"]
[Date "2018.08.27"]
[Round "8"]
[White "Esquivias Quintero, Luis Manuel"]
[Black "Sosa Suarez, Carla Cristina"]
[Result "1-0"]
[WhiteElo "2260"]
[BlackElo "2006"]
[Annotator "TA"]
[PlyCount "43"]
[EventDate "2018.08.09"]
[EventType "tourn"]
[EventCountry "ESP"]
[SourceTitle "playchess.com"]
[Source "ChessBase"]
[SourceQuality "1"]

{[%evp 18,43,27,3,34,37,36,35,20,33,52,56,41,42,122,155,129,133,532,469,759,767,685,604,593,570,1210,1227]} 1. e4 e6 2. d4 d5 3. Nd2 Be7 4. Ngf3 Nf6 5. e5 Nfd7 6. c3 c5 7. Bd3 Nc6 8. O-O g5 9. Qe2 {C06: French Tarrasch: 3...Nf6 4 e5 Nfd7 5 Bd3 main lines} h5 10. dxc5 {LiveBook: 4 Games} (10. Qe3 Qb6 11. b4 cxd4 12. cxd4 Nxb4 13. Rb1 Qa5 14. Be2 g4 15. Ne1 Nb6 16. Nb3 Qa4 {½-½ (30) Xiong,J (2634)-Van Foreest,J (2629) Wijk aan Zee 2018}) 10... g4 11. Nd4 {White is slightly better.} Ndxe5 12. Bb5 {[#] Black must now prevent Qxe5.} Bd7 13. b4 Ng6 14. Bxc6 $146 ({Predecessor:} 14. f4 Nxd4 15. cxd4 Bxb5 16. Qxb5+ Qd7 17. Qxd7+ Kxd7 {1-0 (33) De Gleria,F (2362)-Braun,C (2367) Germany 2014}) 14... bxc6 15. f4 {[%cal Bf2f4,Bf4f5][%mdl 32]} Qc7 (15... O-O $14) 16. N2b3 $16 Nh4 17. f5 $36 {[%cal Rf5e6][%mdl 2048] White is really pushing.} Rg8 $2 {[%mdl 8192] [#]} (17... e5 $16 {is more resistant.}) 18. Bf4 {White is clearly winning.} Qc8 (18... Nf3+ $142 19. Qxf3 gxf3 20. Bxc7 fxg2) 19. Rae1 $18 a5 20. Bg3 Nf3+ 21. gxf3 gxf3 22. Qxf3 {Precision: White = 85%, Black = 15%.} 1-0

[Event "83rd ESP-ch Women-ch 2018"]
[Site "Linares"]
[Date "2018.08.27"]
[Round "8"]
[White "Sanchez Jerez, Emilio Miguel"]
[Black "Gomez Sanjuan, Hector Fernando"]
[Result "1-0"]
[WhiteElo "2246"]
[BlackElo "2146"]
[Annotator "TA"]
[PlyCount "93"]
[EventDate "2018.08.09"]
[EventType "tourn"]
[EventCountry "ESP"]
[SourceTitle "playchess.com"]
[Source "ChessBase"]
[SourceQuality "1"]

{[%evp 15,93,22,21,25,34,25,10,18,106,-22,-41,-41,-39,-58,-44,-119,56,50,191,204,202,211,238,238,237,245,238,230,229,240,231,231,240,228,360,350,434,384,414,412,408,394,481,477,466,410,379,352,414,424,404,394,431,438,777,522,502,506,507,498,522,436,1013,1038,1007,1007,1559,1249,1610,1160,1109,1098,1587,1478,1928,1595,1718,1073,5716,721]} 1. c4 e5 2. Nc3 Nc6 3. Nf3 Nf6 4. a3 a5 5. e3 Be7 6. Qc2 O-O {A28: English Opening: Four Knights Variation} 7. b3 d6 (7... d5 8. cxd5 Nxd5 9. Nxd5 Qxd5 10. Bd3 Kh8 11. Be4 Qd6 12. Bb2 Ra6 13. d4 exd4 14. Nxd4 Nxd4 15. Bxd4 {0-1 (43) Moroni,L (2448)-Arizmendi Martinez,J (2500) Llucmajor 2017}) 8. Bb2 Re8 {LiveBook: 3 Games. The position is equal.} 9. Bd3 Bf8 10. Ng5 {[%cal Rd3h7]} g6 11. h4 $146 ({Predecessor:} 11. O-O Bg7 12. f4 exf4 13. Rxf4 Ne5 14. Raf1 {0-1 (39) Schleining,Z (2334)-Ozturk,K (2273) Ankara 2010}) 11... Nh5 (11... Bg7 $11 {remains equal.}) 12. g4 (12. O-O-O $16) 12... Bxg4 $11 13. Rg1 $1 {[%cal Rg1g4]} Nf6 14. Nce4 Nxe4 $1 15. Bxe4 ({White should play} 15. Rxg4 $15 Nxg5 16. hxg5) 15... Bh5 $2 (15... Qd7 $17 16. Bd5 Nd8) 16. Bd5 $14 Re7 {[#]} ({Better is} 16... Qf6 $14) 17. Nxf7 $1 $18 Rxf7 18. Qf5 $1 {[%cal Rf5f7]} Qe7 {And now ...Bg7 would win.} 19. Qxh5 $1 $40 {[%mdl 128] White wants a kill.} ({But not} 19. Bxf7+ $6 Qxf7 20. Qxh5 a4 $16) 19... Bg7 20. Qg4 ({Don't do} 20. Bxf7+ $6 Qxf7 21. Qg4 a4) 20... Kh8 21. Bxf7 Qxf7 {[#]} 22. O-O-O $1 a4 23. b4 Ne7 24. Kb1 b5 (24... Rf8 $142 25. Rdf1 Kg8) 25. cxb5 Qd5 26. d3 Qxb5 27. h5 c5 {and the idea ...cxb4 leaves Black hopeful.} 28. hxg6 h6 29. Qc4 Qb7 30. b5 Ra5 31. Ka2 d5 32. Qxc5 Rxb5 33. Qc2 Rb3 34. Rb1 {White is clearly winning.} Qb5 (34... Qa6 $142 35. Rbc1 Qb6 36. Qc8+ Ng8) 35. f4 d4 36. fxe5 dxe3 37. Qc4 Qa5 38. d4 Ng8 (38... Qd5 $142 39. Rbc1 Bf8 40. g7+ Bxg7 41. Qxd5 Nxd5 42. Rc8+ Kh7) 39. Rgc1 {[%cal Bg1c1,Bc1c2,Bc2c3][%mdl 32] aiming for Qf7.} e2 40. Qxe2 Bf8 41. Qc4 {Threatens to win with Qf7.} Qd2 42. g7+ Bxg7 43. Rc2 Qe3 44. Qxa4 Rd3 45. Qc4 Bf8 46. Rc3 Rxd4 {[#]} 47. Qxg8+ $1 {[%mdl 512] Precision: White = 77%, Black = 32%.} 1-0

[Event "83rd ESP-ch Women-ch 2018"]
[Site "Linares"]
[Date "2018.08.27"]
[Round "8"]
[White "Orantes Taboada, Francisco"]
[Black "Pablos Tenrero, Raquel"]
[Result "1-0"]
[WhiteElo "2242"]
[BlackElo "2015"]
[Annotator "TA"]
[PlyCount "63"]
[EventDate "2018.08.09"]
[EventType "tourn"]
[EventCountry "ESP"]
[SourceTitle "playchess.com"]
[Source "ChessBase"]
[SourceQuality "1"]

{[%evp 10,63,13,4,18,16,18,3,21,8,19,-9,-9,-14,-14,-46,-30,-35,-7,-27,-14,-46,35,48,161,152,161,180,164,172,186,179,227,227,279,254,241,228,230,212,244,162,197,204,228,162,188,167,275,262,300,309,352,311,306,299]} 1. Nf3 Nf6 2. g3 b5 3. Bg2 Bb7 4. O-O e6 5. b3 Be7 (5... c5 6. c4 a6 7. Na3 Qb6 8. Bb2 Be7 9. e3 d5 10. cxd5 Bxd5 11. d3 Nbd7 12. Qe2 O-O 13. Rfd1 Rfc8 14. Rac1 Bb7 {0-1 (62) Cheparinov,I (2710)-Fedoseev,V (2718) Riadh 2017}) 6. Bb2 {LiveBook: 38 Games. A05: Réti Opening: 1 Nf3 Nf6} d6 7. d3 O-O 8. Nbd2 {The position is equal.} Nbd7 9. c4 b4 10. d4 c5 11. Qc2 cxd4 12. Bxd4 $146 ({Predecessor:} 12. Nxd4 Bxg2 13. Kxg2 Qb6 14. N2f3 {0-1 (33) Fay,R-Henzner,R Hessen 1991}) 12... e5 13. Bb2 Nc5 14. Rfd1 Qb6 15. Nh4 Ng4 (15... g6 $15) 16. Nf5 $14 Bg5 ({Black should play} 16... Rfe8 $14) 17. Bxb7 $18 Qxb7 18. Nxd6 Qb6 {[#]} 19. Qf5 $1 {[%cal Rf5g4]} Qxd6 20. Qxg5 f5 {[#]} 21. h3 $1 {[%cal Rh3g4]} Ne6 22. Qh4 Nf6 {[%cal Bg4f6,Bf6e4,Be4c3][%mdl 32]} 23. Nf3 Qb6 24. Bxe5 Ne4 25. Bd4 Nxd4 26. Rxd4 Nc3 27. Kf1 Rae8 28. e3 Re4 (28... Qc6 $142 29. Kg2 a5) 29. Rxe4 fxe4 30. Nd4 Qg6 31. Qg4 Qf7 {[%csl Gf8][%cal Rf7f2]} 32. Qe6 {Precision: White = 51%, Black = 26%.} 1-0

[Event "83rd ESP-ch Women-ch 2018"]
[Site "Linares"]
[Date "2018.08.27"]
[Round "8"]
[White "Blazquez Gomez, Juan Carlos"]
[Black "Alvarez Morales, Miguel"]
[Result "1/2-1/2"]
[WhiteElo "2240"]
[BlackElo "1955"]
[Annotator "TA"]
[PlyCount "72"]
[EventDate "2018.08.09"]
[EventType "tourn"]
[EventCountry "ESP"]
[SourceTitle "playchess.com"]
[Source "ChessBase"]
[SourceQuality "1"]

{[%evp 9,72,-18,-21,-23,-22,-22,-13,-13,-18,-25,-22,-41,-39,-51,-31,-43,-47,-61,-46,-38,-22,-32,0,0,0,0,0,-8,0,0,0,0,14,0,21,16,39,18,77,46,64,28,45,20,31,13,12,-19,-27,-104,-91,-83,-89,-90,-60,-68,-56,-56,-71,-74,-15,-90,-97,-278,69]} 1. e4 c5 2. a3 g6 3. b4 (3. Nc3 Bg7 4. Bc4 Nc6 5. d3 d6 6. h4 Nf6 7. Nge2 h5 8. Bg5 Nd4 9. Nxd4 cxd4 10. Nd5 Nxd5 11. Bxd5 {1-0 (62) Carlsen,M (2832)-Guseinov,G (2645) chess.com INT 2017}) 3... Bg7 4. Nc3 b6 5. g3 Bb7 6. Bg2 {B20: Sicilian: Unusual White 2nd moves} d5 $146 ({Predecessor:} 6... d6 7. Nge2 e6 8. bxc5 dxc5 9. f4 Ne7 10. O-O O-O {0-1 (27) Grabinsky,V (2241)-Demuth,A (2544) Cappelle-la-Grande 2016}) 7. exd5 Nf6 {[%cal Rf6d5]} 8. Rb1 {The position is equal.} Nxd5 9. Nxd5 Bxd5 10. Bxd5 Qxd5 11. Qf3 Qa2 12. Qb3 Qxb3 13. Rxb3 cxb4 14. axb4 Nc6 15. Bb2 Bxb2 (15... e5 {looks sharper.} 16. Ne2 O-O 17. O-O Rfc8 18. Ra1 e4) 16. Rxb2 a5 17. bxa5 bxa5 18. Ne2 O-O 19. d3 Rfd8 20. Kd2 Kg7 21. f4 Rd7 22. Ra1 h5 23. Ra4 Raa7 (23... h4 $11 {keeps the balance.}) 24. Rb5 Rdb7 25. Rc5 Ra6 26. Nc3 e6 27. h3 Rb4 28. Ra1 h4 29. gxh4 (29. g4 $11) 29... Rxf4 $17 30. h5 Rf2+ 31. Ke3 Rh2 32. hxg6 Rxh3+ 33. Kd2 Rh2+ 34. Ke3 f5 ({Better is} 34... Kxg6 $17 {Threatens to win with ...f5.} 35. Rg1+ Kf6) 35. Rg1 (35. Nb5 $1 $11 {remains equal.}) 35... Rxc2 {...e5 is the strong threat.} 36. Ne4 $2 {[#]} (36. d4 $17) 36... fxe4 $2 {Precision: White = 41%, Black = 45%.} (36... Nb4 $19 37. Rxc2 Nxc2+ 38. Kd2 Nd4) 1/2-1/2

[Event "83rd ESP-ch Women-ch 2018"]
[Site "Linares"]
[Date "2018.08.27"]
[Round "8"]
[White "Garcia Romero, Benjamin Abel"]
[Black "Badillo Ramos, Steve"]
[Result "1/2-1/2"]
[WhiteElo "2230"]
[BlackElo "1901"]
[Annotator "TA"]
[PlyCount "160"]
[EventDate "2018.08.09"]
[EventType "tourn"]
[EventCountry "ESP"]
[SourceTitle "playchess.com"]
[Source "ChessBase"]
[SourceQuality "1"]

{[%evp 32,160,31,20,41,40,42,45,45,54,56,41,64,9,2,14,28,43,33,33,52,31,46,30,40,39,51,37,42,18,22,14,16,0,0,0,0,0,0,0,0,0,10,0,10,0,16,17,47,0,0,0,0,0,0,0,0,0,0,0,0,0,0,0,0,0,6,0,0,-76,-38,-20,-22,-12,-8,-81,-81,-125,-96,-83,-62,-37,0,0,8,0,0,0,0,0,0,0,0,0,0,0,0,-8,8,8,8,0,0,0,8,0,8,0,0,-8,8,8,8,8,8,8,8,0,8,0,8,8,8,8,8,8,8,8,8,8,8]} 1. e4 e6 2. d4 d5 3. Nd2 Nf6 4. e5 Nfd7 5. Bd3 c5 6. c3 Nc6 7. Ne2 cxd4 8. cxd4 f6 9. exf6 Nxf6 10. Nf3 Bd6 11. O-O Qc7 12. Bg5 O-O 13. Bh4 e5 14. dxe5 Nxe5 15. Nxe5 Bxe5 16. Bg3 Bxg3 17. Nxg3 {LiveBook: 35 Games} Bg4 {C06: French Tarrasch: 3...Nf6 4 e5 Nfd7 5 Bd3 main lines} (17... Qb6 18. Qd2 Bd7 19. h3 Bb5 20. Bxb5 Qxb5 21. a4 Qb6 22. a5 Qb5 23. Nf5 Qd7 24. Qd3 Rae8 25. Rae1 Qc7 {1-0 (52) Pirverdiyev,A (2313)-Sibashvili,G (2422) Batumi 2015}) 18. Qd2 Rac8 $146 ({Predecessor:} 18... Qb6 19. h3 Bd7 20. Rac1 Rac8 21. Rfe1 Rxc1 22. Rxc1 Rc8 23. Rxc8+ Bxc8 24. Bc2 Qd6 25. Bb3 {1-0 (39) Harasta,I (2121)-Hrncar,L (2065) Martin 2003}) 19. Rfe1 Rfe8 {White is slightly better.} 20. h3 Bd7 21. Qg5 {Threatens to win with Nh5.} h6 22. Qg6 (22. Qd2 $14) 22... Rxe1+ $11 23. Rxe1 {[#] Intending Re7 and mate.} Be8 24. Qf5 Bd7 25. Qf3 Re8 26. Qd1 Re5 27. Re2 Qd6 28. a3 Qe7 29. b4 Rxe2 30. Bxe2 (30. Nxe2 {feels hotter.} Qe5 31. Qc1 b6 32. f4 Qe7 33. Kf2) 30... Qe5 31. Bf3 Bc6 32. Ne2 Qb2 33. Qd3 Ne4 34. Bxe4 dxe4 35. Qe3 Qb1+ 36. Nc1 a6 37. h4 Qc2 38. Kh2 Bd5 39. Ne2 Qd3 40. Nc3 Bc6 41. Qg3 Kf7 42. Qe5 Qc4 43. Kg3 Qd3+ 44. Kh2 Qc4 45. Qc7+ Kf6 46. Qd8+ Kf7 47. Qc7+ Kf6 48. Qf4+ Ke6 49. Qg3 Qd4 50. Ne2 (50. Kg1 $11) 50... Qd6 51. Nf4+ Kf5 52. Qh3+ Kf6 $1 53. Qc3+ {[#]} (53. Qg3 $1 $11) 53... Qe5 $1 $17 {[%cal Re5c3]} 54. Qxe5+ Kxe5 {[%mdl 4096] Endgame KB-KN} 55. Kg3 Bd7 56. Ng6+ Kd5 57. Kf4 {The position is equal.} Be8 58. Ne5 b6 59. Ng4 Kc4 {Strongly threatening ...Kb3.} 60. Kxe4 Kb3 61. Kd4 a5 (61... Kxa3 $5 62. Kc3 $8 Ka4 $11) 62. bxa5 bxa5 63. Ne3 Kxa3 {...Kb4 is the strong threat.} 64. Kc3 g5 65. hxg5 hxg5 66. Nc4+ Ka4 67. f3 Bg6 68. Ne5 Bf5 69. g4 Be6 70. Nd3 Bd5 (70... Kb5 {keeps more tension.} 71. Kb2 Kc4 72. Nf2 Bd5 73. Nh3 Bxf3 74. Nxg5 Bxg4 75. Ka1 a4) 71. f4 gxf4 72. Nxf4 Bf7 73. Nd3 Kb5 74. Ne5 Be8 75. Nc4 {aiming for Nd6+.} Kc5 (75... Bc6 {looks sharper.} 76. g5 Bd5 77. Na3+ Kc5 78. g6 Kd6) 76. Nxa5 Kd5 77. Kd3 Ke5 78. Ke3 Bd7 79. Nc4+ Kf6 80. Kf4 Bxg4 {Precision: White = 51%, Black = 56%.} 1/2-1/2

[Event "83rd ESP-ch Women-ch 2018"]
[Site "Linares"]
[Date "2018.08.27"]
[Round "8"]
[White "Rodriguez Perez, Angel Mariano"]
[Black "Ladron de Guevara Pinto, Paolo"]
[Result "0-1"]
[WhiteElo "2223"]
[BlackElo "2424"]
[Annotator "TA"]
[PlyCount "102"]
[EventDate "2018.08.09"]
[EventType "tourn"]
[EventCountry "ESP"]
[SourceTitle "playchess.com"]
[Source "ChessBase"]
[SourceQuality "1"]

{[%evp 13,102,39,49,18,16,22,14,19,61,51,61,-6,0,6,18,-6,-17,-5,-4,-6,-8,-9,6,-2,0,-20,-9,-33,-12,-33,-16,-29,-31,-31,-31,-33,-23,-23,-23,-23,-19,-23,0,-23,-23,-31,-31,-33,-33,-118,-118,-115,-114,-170,-164,-151,-147,-187,-189,-281,-275,-265,-276,-270,-268,-347,-334,-375,-373,-496,-514,-509,-394,-524,-510,-519,-519,-508,-503,-484,-465,-402,0,-437,-453,-592,-596,-575,-569,-814,-787]} 1. e4 g6 2. d4 Bg7 3. Nc3 d5 4. exd5 Nf6 5. Bb5+ Nbd7 6. Nf3 {B06: Modern Defence} O-O 7. O-O Nb6 {LiveBook: 18 Games} 8. Bg5 {White is slightly better.} (8. h3 Nfxd5 9. Nxd5 Qxd5 10. Be2 Bf5 11. c3 Rfd8 12. Qb3 a5 13. Qxd5 Nxd5 {½-½ (39) Burmakin,V (2508)-Moiseenko,V (2528) Kazan 2017}) 8... Nbxd5 9. Nxd5 Qxd5 10. Be2 c6 $146 ({Predecessor:} 10... Bg4 11. c4 Qd6 12. Qd3 c6 13. Rad1 Qc7 {½-½ (38) Baumgartner,J (1795)-Bauer,R (1985) Bayern 1998}) 11. c3 Bg4 {[#] And now ...Bxf3 would win.} 12. Ne5 (12. Bf4 $14) 12... Bxe2 $11 13. Qxe2 Rfe8 14. Qc4 (14. Rfe1 {with more complications.} Nd7 15. Nxd7 Qxd7 16. Bf4 Qf5 17. Qe3) 14... Ne4 15. Qxd5 cxd5 16. Be3 Nd6 17. Nd3 f6 18. Rfe1 Nc4 19. f4 Kf7 20. Re2 e6 21. Rae1 a5 22. Bc1 b6 23. g4 {[%cal Bg2g4,Bg4g5][%mdl 32]} Nd6 24. h4 Rad8 25. Kg2 h5 26. g5 Rc8 27. a3 Rc6 28. Kh3 f5 {[%cal Bf6f5,Bf5e4][%mdl 32]} 29. Bd2 Ne4 30. Nf2 b5 31. Nxe4 ({White should try} 31. Nd3 $15) 31... fxe4 $17 32. Ra1 Rb8 33. b4 (33. Kg2 $17 {keeps fighting.}) 33... Ra6 {Strongly threatening ...axb4.} 34. bxa5 Rxa5 35. Bc1 Rc8 36. Bb2 (36. Bd2 {was worth a try.}) 36... Ke7 37. Kg3 Kd7 38. Kf2 Bf8 39. Ke3 Rca8 40. Kd2 Bxa3 41. Kc2 Bxb2 42. Rxa5 Rxa5 43. Kxb2 $19 {[%mdl 4096] Endgame KR-KR} Ra4 44. Re1 Kc6 45. Kb3 Kb6 46. Rf1 Ka5 47. Rc1 Kb6 48. Rf1 $1 Rc4 {Black is clearly winning.} 49. Ra1 {[#]} b4 $1 {[%mdl 512]} 50. cxb4 {If White can now play Ra8 this consolidates a bit.} Rxd4 51. Ra8 e3 {Precision: White = 36%, Black = 67%.} 0-1